000 00371nam a2200145Ia 4500
008 240624s9999 xx 000 0 und d
041 _aeng
082 _a658.404 MER
100 _aMEREDITH JACK R
245 _aPROJECT MANAGEMENT A MANAGERIAL APPROACH
250 _a(6th ed.)
260 _c2006
_aNew Delhi
_bWiley
300 _axvii, : 666p. ; 23cm.
365 _cRS
_b35
999 _c13850
_d13850